000 00545nam a2200169Ia 4500
008 090711s9999 xx 000 0 und d
082 _b20142
100 _aपारखे मा. स.
245 _aराजराजेश्वर परशुराम
260 _c1966
300 _a121
600 _aपारखे मा. स.
630 _aराजराजेश्वर परशुराम
700 _aपारखे मा. स.
730 _aराजराजेश्वर परशुराम
942 _cBOOK
999 _c311785
_d311785